000 00907cam a2200277 4500
001 M2026
008 090401t1995 xxu||||| |||| 00| 0 eng d
035 _a(Sirsi) u96278
041 _aeng
110 _aRoyal Institution of Chartered Surveyors
_94900
245 _aEnvironment Bill : contaminated land.
260 _aLondon
_bRICS
_c1995
300 _a4p. ; 30cm.
350 _a4
490 _aRICS Memorandum
_vGCPPA/Report(95)1
520 _aCommentary on clause 54 of the Environment BIll which adds to and amends the Environmental Protection Act 1990, and clause 55 effecting the Water Resources Act 1991.
650 _aCONTAMINATED LAND
650 _aENVIRONMENT BILL
650 _aENVIRONMENTAL PROTECTION ACT 1990
650 _aPOLLUTION
650 _aREMEDIATION NOTICES
650 _aWATER RESOURCES ACT 1991
690 _aEnvironment
_96238
942 _n0
948 _c04/03/1997
999 _c98605
_d98605